| 000 | 00411nam a2200157Ia 4500 | ||
|---|---|---|---|
| 008 | 210716s2009 xx 000 0 und d | ||
| 020 | _a9788182811201 | ||
| 041 | _aeng | ||
| 082 | _a658.001 JHIM | ||
| 100 | _aJhingan, M L; Stephen, J K. | ||
| 245 | _aManagerial economics. | ||
| 250 | _a2 | ||
| 260 |
_aNew Delhi _bVrinda Publications Pvt Ltd _c2009 |
||
| 300 | _axii,564 | ||
| 650 | _aManagerial Economics | ||
| 999 |
_c209158 _d209158 |
||